RISDA and the rubber smallholders of Malaysia (Record no. 67113)

MARC details
000 -LEADER
fixed length control field 00380nam a2200121Ia 4500
100 ## - MAIN ENTRY--AUTHOR NAME
Personal name Mohamed Nor Bin Abdullah
245 #0 - TITLE STATEMENT
Title RISDA and the rubber smallholders of Malaysia
260 ## - PUBLICATION, DISTRIBUTION, ETC. (IMPRINT)
Name of publisher Proceedings of the RRIM Planters Conference, Kuala Lumpur, 1976; p372-383
650 ## - SUBJECT ADDED ENTRY--TOPICAL TERM
Topical Term Rubber smallholder
700 ## - ADDED ENTRY--PERSONAL NAME
Personal name Yuan C K
942 ## - ADDED ENTRY ELEMENTS (KOHA)
Koha item type Journals
Holdings
Withdrawn status Lost status Damaged status Not for loan Home library Current library Shelving location Date acquired Koha item type
      Journals RRII Library RRII Library Rubber general 17/12/2021 Journals